000 01008nam a2200229 i 4500
001 164928
003 ES-MaACL
005 20250717103728.0
008 020419s1846 sp a |||| | spa d
080 _a087.5:82
100 1 _aSchmid, Christoph von,
_d1768-1854
_9104449
245 1 3 _aEl Evangelio para los niños /
_cobra escrita en alemán por el canónigo Schmid ; y traducida al castellano por Don Ángel María Terradillos.
260 _aMadrid :
_b[s.n.],
_c1846 (
_fImp. de la Viuda de Jordán e Hijos)
300 _a136 p. :
_bil. ;
_c15 cm.
490 1 _aColección selecta de prontuarios elementales ;
_v4
630 0 4 _aBiblia.
_pN.T.
_pEvangelios-
_vLibros infantiles.
_9158155
650 0 7 _aHistoria sagrada
_2embne
_913427
700 1 _aTerradillos, Ángel María.
_9133185
830 0 _aColección selecta de prontuarios elementales ;
_v4
_9188602
852 _aES-MaACL
_jT-27-F-3
_z- Enc. hol., falto de cub. original
_z- Enc. en un vol. facticio
999 _c164928
_d164928